Effective team building / (Record no. 20433)

MARC details
000 -LEADER
fixed length control field 00449nam a22001571a 4500
008 - FIXED-LENGTH DATA ELEMENTS--GENERAL INFORMATION
fixed length control field 220501s1991 xx 000 0 eng d
082 ## - DEWEY DECIMAL CLASSIFICATION NUMBER
Classification number 658.402
Item number ADA-E
100 ## - MAIN ENTRY--PERSONAL NAME
Personal name Adair, John
245 ## - TITLE STATEMENT
Title Effective team building /
260 ## - PUBLICATION, DISTRIBUTION, ETC. (IMPRINT)
Name of publisher, distributor, etc Rupa & co ,
Date of publication, distribution, etc 1991.
Place of publication, distribution, etc New Delhi :
300 ## - PHYSICAL DESCRIPTION
Extent / Pages viii, 212 p. ;
650 ## - SUBJECT ADDED ENTRY--TOPICAL TERM
Topical term or geographic name as entry element General Books
650 ## - SUBJECT ADDED ENTRY--TOPICAL TERM
Topical term or geographic name as entry element Management - Employee participation - United States
650 ## - SUBJECT ADDED ENTRY--TOPICAL TERM
Topical term or geographic name as entry element Teams in the workplace
942 ## - ADDED ENTRY ELEMENTS (KOHA)
Source of classification or shelving scheme
Koha item type Books
Holdings
Withdrawn status Lost status Source of classification or shelving scheme Damaged status Not for loan Home library Current library Date acquired Currency Cost, normal purchase price Total Checkouts Full call number Barcode Date last seen Copy number Bill Date Koha item type
          SOBD Library SOBD Library 27/03/2024 INR 40.00   658.402 ADA-E1 SD2140 27/03/2024 1 27/03/2024 Books
Hosted, Implemented, Customized & Maintained by: BestBookBuddies

Powered by Koha